The Low-Country common wealth : contayninge an exact description of the eight vnited Prouinces. Now made free. Translated out of french by Ed· Grimeston

Bibliographic Details
Main Author: Le Petit, Jean François, 1546-ca. 1615
Other Authors: Grimeston, Edward
Format: eBook
Language:English
Published: [London] : Printed " by " G. " Eld, 1609.
Series:Early English books online.
Subjects:
Online Access:Connect to the full text of this electronic book
Connect to the full text of this electronic book

MARC

Tag First Indicator Second Indicator Subfields
LEADER 00000nam a2200000 4500
001 in00004223521
005 20200806100555.0
006 m g d
007 cr bn |||a|bb|
008 910814s1609 enk o 00| | eng d
035 |a (UnM)99844132 
037 |a CL0036000023  |b ProQuest. 789 E. Eisenhower Parkway, Ann Arbor, MI 48108-3218 
037 |a CL0036000026  |b ProQuest. 789 E. Eisenhower Parkway, Ann Arbor, MI 48108-3218 
040 |a Cu-RivES  |c Cu-RivES  |d CStRLIN  |e dcrb  |d WaOLN 
100 1 |a Le Petit, Jean François,  |d 1546-ca. 1615. 
245 1 4 |a The Low-Country common wealth :  |b contayninge an exact description of the eight vnited Prouinces. Now made free. Translated out of french by Ed· Grimeston 
246 2 |a Belgicke common-weale. 
246 2 |a Low-Country commonwealth. 
260 |a [London] :  |b Printed " by " G. " Eld,  |c 1609. 
300 |a 1 online resource ([8], 303, [1] pages) 
336 |a text  |b txt  |2 rdacontent 
337 |a computer  |b c  |2 rdamedia 
338 |a online resource  |b cr  |2 rdacarrier 
500 |a By Jean François Le Petit, whose name appears on A2r. 
500 |a Original French work not traced. 
500 |a The title page is engraved. 
500 |a Running title reads: The Belgicke common-weale. 
500 |a Variant: title has "discription". 
500 |a Reproductions of the originals in the British Library and the University of Illinois (Urbana-Champaign Campus). Library. 
500 |a Appears at reel 842 (British Library copy) and at reel 970 (University of Illinois (Urbana-Champaign Campus). Library copy). 
510 4 |a STC (2nd edition)  |c 15485. 
533 |a Electronic reproduction.  |b Ann Arbor, Mich. :  |c UMI,  |d 1999-  |f (Early English books online)  |n Digital version of: (Early English books, 1475-1640 ; 842:11, 970:01)  |7 s1999 miun s 
651 4 |a Benelux countries  |x Description and travel  |v Early works to 1800. 
700 1 |a Grimeston, Edward. 
830 0 |a Early English books online. 
856 4 0 |u http://proxy.library.tamu.edu/login?url=https://search.proquest.com/docview/2264199607  |z Connect to the full text of this electronic book  |t 0 
856 4 0 |u http://proxy.library.tamu.edu/login?url=https://search.proquest.com/docview/2264200371  |z Connect to the full text of this electronic book  |t 0 
999 f f |s 2d700414-bd4a-30ec-bf2a-94e08c48df20  |i 872fa793-a5d4-34af-add2-e64eea6687f2  |t 0 
952 f f |a Texas A&M University  |b College Station  |c Electronic Resources  |d Available Online  |t 0  |h No information provided 
998 f f |t 0  |l Available Online